Introduction to engineering mechanics (Record no. 17563)

000 -LEADER
fixed length control field 00597nam a22002051 4500
001 - CONTROL NUMBER
control field 17563
003 - CONTROL NUMBER IDENTIFIER
control field BD-DhUET
008 - FIXED-LENGTH DATA ELEMENTS--GENERAL INFORMATION
fixed length control field 100604s1961 maua b 000 0 eng
040 ## - CATALOGING SOURCE
Original cataloging agency DLC
Transcribing agency DLC
Modifying agency BD-DhUET
082 ## - DEWEY DECIMAL CLASSIFICATION NUMBER
Classification number 620.1
Item number HUD/1961
100 ## - MAIN ENTRY--PERSONAL NAME
Personal name Huddleston, John V.
245 10 - TITLE STATEMENT
Title Introduction to engineering mechanics
250 ## - EDITION STATEMENT
Edition statement 1st ed.
260 ## - PUBLICATION, DISTRIBUTION, ETC. (IMPRINT)
Place of publication, distribution, etc. Massachusetts
Name of publisher, distributor, etc. Addison-Wesley Publishing
Date of publication, distribution, etc. 1961
300 ## - PHYSICAL DESCRIPTION
Extent xii, 493 p.
Other physical details ill.
Dimensions 24 cm.
490 0# - SERIES STATEMENT
Series statement Addison-Wesley series in the engineering sciences
504 ## - BIBLIOGRAPHY, ETC. NOTE
Bibliography, etc Includes bibliographies
650 #0 - SUBJECT ADDED ENTRY--TOPICAL TERM
Topical term or geographic name as entry element Engineering mechanics
942 ## - ADDED ENTRY ELEMENTS (KOHA)
Koha item type General Book
Holdings
Koha item type Damaged status Shelving location Copy number Piece designation (barcode) Koha full call number Price effective from Not for loan Sublocation or collection (holding branch) Koha normalized classification for sorting Source of classification or shelving scheme Lost status Location (home branch) Koha date last seen Date acquired Withdrawn status
General Book Circulation section110262620.1/HUD/19612015-03-24 Central Library, BUET620_100000000000000_HUD_1961  Central Library, BUET2015-03-242015-03-24 
General Book Circulation section238774620.1/HUD/19612015-03-24 Central Library, BUET620_100000000000000_HUD_1961  Central Library, BUET2015-03-242015-03-24 
General Book Circulation section310263620.1/HUD/19612015-03-24 Central Library, BUET620_100000000000000_HUD_1961  Central Library, BUET2015-03-242015-03-24 
General Book Circulation section428806620.1/HUD/19612015-03-24 Central Library, BUET620_100000000000000_HUD_1961  Central Library, BUET2015-03-242015-03-24 
General Book Circulation section59235620.1/HUD/19612015-03-24 Central Library, BUET620_100000000000000_HUD_1961  Central Library, BUET2015-03-242015-03-24 
General Book Cataloging to Circulation69261620.1/HUD/19612015-03-24 Central Library, BUET620_100000000000000_HUD_1961  Central Library, BUET2015-03-242015-03-24 
General Book Circulation section837760620.1/HUD/19612015-03-24 Central Library, BUET620_100000000000000_HUD_1961  Central Library, BUET2015-03-242015-03-24 
General Book Circulation section784383620.1/HUD/19612015-03-28 Central Library, BUET620_100000000000000_HUD_1961  Central Library, BUET2015-03-282015-03-28